000 00739nam a2200253 i 4500
001 bg
100 1 _aKożuchowski, Krzysztof.
245 1 0 _aEfekt cieplarniany /
_cKrzysztof Kożuchowski, Rajmund Przybylak.
260 _aWarszawa :
_bWiedza Powszechna,
_c1995.
300 _a219, [1] s. :
_brys., wykr. ;
_c19 cm.
490 1 _aOmega. Biblioteka Wiedzy Współczesnej
504 _aBibliogr. s.212-217.
650 9 _aKlimat
_xzagadnienia
650 9 _aTemperatura
700 1 _aPrzybylak, Rajmund.
830 _aOmega. Biblioteka Wiedzy Współczesnej
020 _a8321410049
040 _cBPK
041 0 _apl
080 _a551.58
920 _a83-214-1004-9
942 _cKS
008 s pl f |000 0 pol
999 _c30736
_d30736
856 _uhttp://koha.tu.koszalin.pl/cgi-bin/koha/opac-detail.pl?biblionumber=30736
_yKatalog online BPK